Physics (Record no. 239375)

MARC details
000 -LEADER
fixed length control field 00348nam a2200145Ia 4500
005 - DATE AND TIME OF LATEST TRANSACTION
control field 20250729165730.0
008 - FIXED-LENGTH DATA ELEMENTS--GENERAL INFORMATION
fixed length control field 250729s1900 xx 000 0 und d
041 ## - LANGUAGE CODE
Language code of text/sound track or separate title eng
082 ## - DEWEY DECIMAL CLASSIFICATION NUMBER
Classification number 530.7 SHRP
100 ## - MAIN ENTRY--PERSONAL NAME
Personal name Dr.A Shridhar
9 (RLIN) 231625
245 ## - TITLE STATEMENT
Title Physics
260 ## - PUBLICATION, DISTRIBUTION, ETC.
Place of publication, distribution, etc. Mangalore
Name of publisher, distributor, etc. Boscoss Publication
300 ## - PHYSICAL DESCRIPTION
Extent 607p
650 ## - SUBJECT ADDED ENTRY--TOPICAL TERM
Topical term or geographic name entry element Science
9 (RLIN) 231626
Holdings
Withdrawn status Lost status Damaged status Not for loan Home library Current library Date acquired Source of acquisition Cost, normal purchase price Total Checkouts Full call number Barcode Date last seen Cost, replacement price Price effective from Koha item type
        St Aloysius Library St Aloysius Library 07/29/2025 Management Books 266.00   530.7 SHRP BED04694 07/29/2025 266.00 07/29/2025 Book